000
00290pab a2200109 454500
008
180718b xxu||||| |||| 00| 0 eng d
100
_a
Venkataratnam, C.S.
245
_a
Retraining for restructuring
650
_a
Training
773
_a
Indian Journal of Training and Development
909
_a
22429
999
_c
22429
_d
22429